000 00580nam a2200193 i 4500
001 130410
003 ES-MaACL
005 20230906193732.0
007 t|
008 070727s1960 sp ||||1| spa d
100 1 _aZamorano, Guzmán.
_9117957
245 1 3 _aEl tiro de pichón
_b: meditaciones y experiencias de un aficionado /
_cGuzmán Zamorano.
250 _a[1ª ed.].
260 _aBarcelona :
_bJuventud,
_c[1960]
300 _a191 p. :
_bil. ;
_c23 cm.
500 _aRetrato del autor.
650 1 4 _aTiro de pichón.
_917543
852 _aES-MaACL
_jC-17706
_bR.45770
999 _c130410
_d130410